00642nam a2200229 a 4500001001300000003000900013005001700022008004100039020000800080082001300088100001800101245007200119260002900191300000900220500003500229505001000264700001800274902000800292942000700300952009000307999001500397nice12345678IN_TiNIC20260116011632.0050524s1938 lona grp 000 0 eng  ac000a150bSTU aStuart, Grace aAchievement of Personality in the Light of Psychology and Religion. aLondonbScm Press c1938 a191p aincludes index and biblioraphy2 aIndex1 aStuart, Grace bSRS cBK 00104070aHMIbHMId2005-05-24g0.00l0o150 STUp5500r2005-05-24w2026-01-16yEB c3029d3029